[Event "1. OEsterreichische Internet Schach Meisterschaft - Vorrunde 2"]
[Site "Online - Playchess.com"]
[Date ""]
[Round "8"]
[Board "60"]
[White "Schroll, Gerhard"]
[Black "Koglbauer, Uwe"]
[Result "1-0"]
[WhiteElo "2321"]
[BlackElo "1666"]
[PlyCount "43"]
[EventDate "2020.04.13"]
[EventRounds "9"]
[EventCountry "AUT"]

1. e4 c5 2. c3 Nf6 3. e5 Nd5 4. Bc4 e6 5. Nf3 Nb6 6. Bb3 Nc6 7. O-O d5 8. exd6 Bxd6
9. d4 cxd4 10. Nxd4 Nxd4 11. Qxd4 O-O 12. Rd1 Nd5 13. Bxd5 exd5 14. Qxd5 Bg4 15.
f3 Qb6+ 16. Kh1 Rad8 17. fxg4 Bxh2 18. Qf3 Rxd1+ 19. Qxd1 Rd8 20. Qf1 Bg3 21. Na3
Qh6+ 22. Bxh6  1-0

[Event "1. OEsterreichische Internet Schach Meisterschaft - Vorrunde 2"]
[Site "Online - Playchess.com"]
[Date ""]
[Round "8"]
[Board "61"]
[White "Missethan, Michael"]
[Black "Steiner, Adam"]
[Result "1/2-1/2"]
[WhiteElo "2015"]
[BlackElo "2251"]
[PlyCount "137"]
[EventDate "2020.04.13"]
[EventRounds "9"]
[EventCountry "AUT"]

1. e4 c6 2. d4 d5 3. Nc3 dxe4 4. Nxe4 Nd7 5. Nf3 Ngf6 6. Nxf6+ Nxf6 7. Bc4 Bf5 8.
O-O e6 9. c3 Bd6 10. Bg5 Qc7 11. h3 O-O-O 12. b4 h6 13. Be3 g5 14. b5 g4 15. hxg4
Bxg4 16. bxc6 Qxc6 17. Be2 h5 18. c4 Bc7 19. Rc1 Nd7 20. d5 exd5 21. cxd5 Qd6 22.
Qd2 Bxf3 23. Bf4 Ne5 24. Bxf3 Kb8 25. Be4 f5 26. Bc2 Nf3+ 27. gxf3 Qxf4 28. Qxf4
Bxf4 29. Rcd1 Rhg8+ 30. Kh1 Rg5 31. Rg1 Rdg8 32. Rxg5 Rxg5 33. d6 Kc8 34. Bb3 Rg6
35. d7+ Kd8 36. Bc2 Rf6 37. Kg2 Rf7 38. Kh3 Bg5 39. Rd5 Rxd7 40. Rxd7+ Kxd7 41. Bxf5+
Kd6 42. Bg6 h4 43. Kg4 Bf6 44. Be4 b5 45. Kf5 Bd4 46. f4 Bxf2 47. Kg6 Bd4 48. f5
h3 49. f6 Bxf6 50. Kxf6 Kc5 51. Kg5 Kb4 52. Kg4 Ka3 53. Bd5 h2 54. Kf4 a5 55. Ke3
b4 56. Kd3 a4 57. Kc2 b3+ 58. axb3 axb3+ 59. Kb1 Ka4 60. Kb2 Kb4 61. Bh1 Kc4 62.
Bg2 Kb4 63. Bf3 Kc4 64. Bh1 Kd3 65. Kxb3 Ke3 66. Kc3 Kf2 67. Kd2 Kg1 68. Ba8 h1=Q
69. Bxh1  1/2-1/2

[Event "1. OEsterreichische Internet Schach Meisterschaft - Vorrunde 2"]
[Site "Online - Playchess.com"]
[Date ""]
[Round "8"]
[Board "62"]
[White "Charaus, Florian"]
[Black "Galler, Alexander"]
[Result "1-0"]
[WhiteElo "2055"]
[BlackElo "1772"]
[PlyCount "79"]
[EventDate "2020.04.13"]
[EventRounds "9"]
[EventCountry "AUT"]

1. d4 d5 2. Nc3 e6 3. Bf4 Nf6 4. e3 Bd6 5. Bd3 Bxf4 6. exf4 O-O 7. Nf3 g6 8. Qe2
b6 9. Ne5 Bb7 10. h4 Nbd7 11. h5 Nxe5 12. fxe5 Ne4 13. hxg6 fxg6 14. Nxe4 dxe4 15.
Bxe4 Bxe4 16. Qxe4 Qg5 17. Rd1 Rad8 18. Rd3 Qf5 19. Qh4 h5 20. Rhh3 Qg4 21. Qxg4
hxg4 22. Rh4 Rf4 23. c3 Rdf8 24. f3 gxf3 25. Rxf4 Rxf4 26. Rxf3 Re4+ 27. Kf2 g5 28.
Rf6 Rf4+ 29. Rxf4 gxf4 30. Kf3 Kg7 31. Kxf4 Kg6 32. g4 b5 33. b3 a5 34. c4 c6 35.
d5 exd5 36. cxd5 cxd5 37. Ke3 Kg5 38. Kd4 Kf4 39. Kxd5 Kxg4 40. e6  1-0

[Event "1. OEsterreichische Internet Schach Meisterschaft - Vorrunde 2"]
[Site "Online - Playchess.com"]
[Date ""]
[Round "8"]
[Board "63"]
[White "Kreutzmann, Duke"]
[Black "Moerwald, Magdalena"]
[Result "1-0"]
[WhiteElo "2036"]
[BlackElo "1791"]
[PlyCount "55"]
[EventDate "2020.04.13"]
[EventRounds "9"]
[EventCountry "AUT"]

1. d4 d5 2. Bf4 Nf6 3. e3 e6 4. Nd2 c5 5. c3 Nc6 6. Ngf3 Bd6 7. Bg3 O-O 8. Bd3 Ne7
9. Ne5 c4 10. Bc2 b5 11. Qf3 b4 12. Ndxc4 dxc4 13. Qxa8 bxc3 14. bxc3 Qa5 15. O-O
Qxc3 16. Rac1 Qa5 17. Nxc4 Qb6 18. Nxb6 axb6 19. Qf3 Ned5 20. Bxd6 Rd8 21. Bg3 Nc3
22. Bxh7+ Nxh7 23. Rxc3 Ba6 24. Rfc1 Ng5 25. Qg4 f6 26. h4 Nf7 27. Rc7 Nh6 28. Qxg7#
 1-0

[Event "1. OEsterreichische Internet Schach Meisterschaft - Vorrunde 2"]
[Site "Online - Playchess.com"]
[Date ""]
[Round "8"]
[Board "64"]
[White "Horvath, Maria"]
[Black "Haselsberger, Armin"]
[Result "0-1"]
[WhiteElo "1995"]
[BlackElo "1395"]
[PlyCount "112"]
[EventDate "2020.04.13"]
[EventRounds "9"]
[EventCountry "AUT"]

1. d4 d5 2. c4 c6 3. Nf3 Nf6 4. Nc3 e6 5. cxd5 cxd5 6. Bf4 Nc6 7. e3 Qb6 8. Qc2 Bb4
9. a3 Bxc3+ 10. Qxc3 Ne4 11. Qc2 O-O 12. Bd3 Nf6 13. O-O h6 14. b4 a6 15. Rac1 Bd7
16. Rfe1 Rac8 17. Qe2 Ne7 18. Ne5 Rxc1 19. Rxc1 Rc8 20. Rxc8+ Bxc8 21. h3 a5 22.
b5 Nd7 23. Bb1 Nxe5 24. Bxe5 f6 25. Bg3 Bd7 26. a4 Qa7 27. Qc2 Qa8 28. Qh7+ Kf7 29.
Bd6 Qc8 30. Bxe7 Qc1+ 31. Kh2 Qc7+ 32. g3 Kxe7 33. Qxg7+ Kd6 34. Qxf6 Qc4 35. Qe5+
Ke7 36. Qg7+ Kd8 37. Qxh6 Qxa4 38. Qf8+ Kc7 39. Qc5+ Kd8 40. b6 Qb3 41. Bg6 Qb5 42.
Qc7+ Ke7 43. h4 a4 44. Qf4 a3 45. Qf7+ Kd6 46. Qf8+ Kc6 47. Qxa3 Kxb6 48. h5 Qe2
49. Kg2 e5 50. Qb4+ Kc7 51. Qc5+ Kd8 52. Qf8+ Kc7 53. h6 Bb5 54. Qc5+ Kb8 55. h7
Qf1+ 56. Kf3 Be2#  0-1

[Event "1. OEsterreichische Internet Schach Meisterschaft - Vorrunde 2"]
[Site "Online - Playchess.com"]
[Date ""]
[Round "8"]
[Board "65"]
[White "Janes, Christian"]
[Black "Kubik, Gerhard"]
[Result "1-0"]
[WhiteElo "1740"]
[BlackElo "1985"]
[PlyCount "109"]
[EventDate "2020.04.13"]
[EventRounds "9"]
[EventCountry "AUT"]

1. e4 g6 2. Nf3 Bg7 3. d4 d6 4. Bc4 Nf6 5. Nc3 O-O 6. e5 dxe5 7. dxe5 Qxd1+ 8. Nxd1
Ng4 9. Bf4 Nc6 10. O-O Ngxe5 11. Nxe5 Nxe5 12. Bxe5 Bxe5 13. c3 e6 14. Ne3 b6 15.
Ng4 Bg7 16. h3 Bb7 17. Rad1 Rad8 18. a3 Rd6 19. Ne3 Rfd8 20. Rxd6 Rxd6 21. Bb3 c5
22. Nc4 Rd7 23. f4 Ba6 24. Re1 b5 25. Ne5 Rd2 26. Nc6 c4 27. Bd1 Rxb2 28. Nxa7 Bb7
29. Bf3 Bxf3 30. gxf3 Bxc3 31. Rd1 Rc2 32. Rd8+ Kg7 33. Nxb5 Bd2 34. Rd7 Bxf4 35.
Nd4 Rc1+ 36. Kf2 Kf6 37. Ne2 Rc2 38. Kf1 Be3 39. a4 c3 40. Rc7 Bd2 41. a5 Ra2 42.
Nxc3 Bxc3 43. Rxc3 Rxa5 44. Kg2 Kf5 45. Rc7 Kf6 46. Kg3 Ra4 47. h4 h5 48. Rb7 Rd4
49. Rc7 Rd6 50. Rb7 e5 51. Kf2 Re6 52. Ke3 Re7 53. Rb6+ Kf5 54. Kf2 Kf4 55. Rf6#
 1-0

[Event "1. OEsterreichische Internet Schach Meisterschaft - Vorrunde 2"]
[Site "Online - Playchess.com"]
[Date ""]
[Round "8"]
[Board "66"]
[White "Huber, Guenther"]
[Black "Guba, Viktor"]
[Result "0-1"]
[WhiteElo "1979"]
[BlackElo "1401"]
[PlyCount "118"]
[EventDate "2020.04.13"]
[EventRounds "9"]
[EventCountry "AUT"]

1. c4 Nf6 2. g3 g6 3. Bg2 Bg7 4. e4 O-O 5. Nc3 d6 6. Nge2 e5 7. O-O Nc6 8. d3 Ne8
9. f4 f6 10. Nd5 Ne7 11. fxe5 Nxd5 12. cxd5 fxe5 13. Be3 Nf6 14. h3 Bd7 15. Qd2 Qc8
16. Kh2 c6 17. Rac1 c5 18. d4 exd4 19. Nxd4 Qd8 20. Ne2 Re8 21. Nc3 Nh5 22. Bg5 Bf6
23. Bxf6 Nxf6 24. Rce1 Re5 25. Qf4 Kg7 26. Rf2 Qf8 27. Ref1 Re7 28. Qxd6 Rf7 29.
e5 Qxd6 30. exd6 Raf8 31. Kg1 Ne8 32. Rxf7+ Rxf7 33. Rxf7+ Kxf7 34. Ne4 b6 35. Ng5+
Kg7 36. Ne6+ Bxe6 37. dxe6 Nxd6 38. Bd5 Kf6 39. Kf2 Ke5 40. Bb3 c4 41. e7 cxb3 42.
axb3 Ke6 43. Ke3 Kxe7 44. Kf4 Kf6 45. g4 g5+ 46. Ke3 Ke5 47. Kf3 Ne4 48. Ke3 Nc5
49. b4 Na4 50. b3 Nc3 51. Kd3 Ne4 52. Kc4 Nf2 53. Kb5 Nxh3 54. Ka6 Kd6 55. Kxa7 Kc6
56. Ka6 b5 57. Ka5 Nf2 58. Ka6 Nxg4 59. Ka5 h5  0-1

[Event "1. OEsterreichische Internet Schach Meisterschaft - Vorrunde 2"]
[Site "Online - Playchess.com"]
[Date ""]
[Round "8"]
[Board "67"]
[White "Gallob, Marko"]
[Black "Enne, Harald"]
[Result "0-1"]
[WhiteElo "1961"]
[BlackElo "1916"]
[PlyCount "88"]
[EventDate "2020.04.13"]
[EventRounds "9"]
[EventCountry "AUT"]

1. e4 c5 2. Nf3 d6 3. d4 cxd4 4. Nxd4 Nf6 5. Nc3 a6 6. Bg5 e6 7. Bc4 Be7 8. O-O Qc7
9. Bb3 h6 10. Bh4 O-O 11. Kh1 Nc6 12. Nde2 b5 13. a3 Ne5 14. f4 Nc4 15. Rb1 Ne3 16.
Qd3 Nxf1 17. Rxf1 Ng4 18. Bg3 Bb7 19. f5 exf5 20. exf5 Ne5 21. Bxe5 dxe5 22. Qg3
Qc6 23. Bd5 Qb6 24. Bxb7 Qxb7 25. f6 g6 26. fxe7 Qxe7 27. Nd5 Qd6 28. Nf6+ Kg7 29.
Nc3 Rad8 30. Nce4 Qe6 31. Nc5 Qxf6 32. Re1 Rd5 33. Ne4 Qf4 34. Qc3 f5 35. Ng3 Qd4
36. Qf3 e4 37. Qf4 Qe5 38. Qe3 f4 39. Qa7+ Rf7 40. Nh5+ gxh5 41. Qb6 Rd6 42. Qb8
e3 43. Rg1 e2 44. Qh8+ Kxh8  0-1

[Event "1. OEsterreichische Internet Schach Meisterschaft - Vorrunde 2"]
[Site "Online - Playchess.com"]
[Date ""]
[Round "8"]
[Board "68"]
[White "Hoelzl, Bernhard"]
[Black "Filek, Mattias"]
[Result "1-0"]
[WhiteElo "1392"]
[BlackElo "1932"]
[PlyCount "163"]
[EventDate "2020.04.13"]
[EventRounds "9"]
[EventCountry "AUT"]

1. d4 d5 2. Bf4 Nf6 3. Nf3 c5 4. e3 Nc6 5. c3 Qb6 6. Qb3 c4 7. Qxb6 axb6 8. Nbd2
Bf5 9. Be2 e6 10. O-O Nh5 11. Bc7 b5 12. a3 Kd7 13. Bg3 Nxg3 14. hxg3 Bd6 15. Nh4
Bg6 16. f4 f6 17. g4 Bf7 18. Rae1 Raf8 19. g3 h5 20. Kg2 hxg4 21. Bxg4 f5 22. Bd1
Be7 23. Ndf3 Rh6 24. Rh1 Rfh8 25. Ng5 Bxg5 26. fxg5 Rxh4 27. Rxh4 Rxh4 28. gxh4 g6
29. Rh1 e5 30. h5 gxh5 31. Bxh5 Be6 32. Bg6 f4 33. exf4 exf4 34. Rh7+ Ne7 35. Bc2
Kd6 36. g6 b6 37. Kf3 Bg8 38. Rh6 Ke6 39. g7+ Kf7 40. Rxb6 Kxg7 41. Kxf4 Nc8 42.
Rxb5 Kf6 43. Rc5 Nd6 44. Rc6 Ke7 45. a4 Be6 46. Rc7+ Bd7 47. Ke5 Kd8 48. Ra7 Nc8
49. Rxd7+ Kxd7 50. Kxd5 Kc7 51. Kxc4 Kb6 52. b4 Ne7 53. Be4 Ka6 54. Kc5 Ka7 55. d5
Nc8 56. d6 Nb6 57. a5 Nd7+ 58. Kd4 Ka6 59. c4 Ka7 60. Bf5 Nb8 61. d7 Ka6 62. b5+
Ka7 63. d8=Q Nc6+ 64. Kc5 Nxd8 65. Bd7 Nb7+ 66. Kb4 Nd6 67. c5 Nb7 68. b6+ Ka8 69.
Bc6 Kb8 70. Bxb7 Kxb7 71. Kb5 Ka8 72. c6 Kb8 73. a6 Ka8 74. b7+ Ka7 75. Kc5 Kb8 76.
Kd6 Ka7 77. Kc7 Kxa6 78. b8=Q Ka5 79. Kd6 Ka4 80. c7 Ka3 81. c8=Q Ka4 82. Qa6#  1-0

[Event "1. OEsterreichische Internet Schach Meisterschaft - Vorrunde 2"]
[Site "Online - Playchess.com"]
[Date ""]
[Round "8"]
[Board "69"]
[White "Kwech, Andreas"]
[Black "Chen, Qingxia"]
[Result "1-0"]
[WhiteElo "1901"]
[BlackElo "1776"]
[PlyCount "44"]
[EventDate "2020.04.13"]
[EventRounds "9"]
[EventCountry "AUT"]

1. e4 e5 2. Nf3 Nc6 3. d4 exd4 4. c3 dxc3 5. Bc4 d6 6. h3 Nf6 7. Nxc3 Be7 8. O-O
O-O 9. Bf4 h6 10. Qe2 a6 11. Rad1 b5 12. Bb3 Bb7 13. e5 Nh5 14. Bh2 Qe8 15. Nd5 dxe5
16. Nxc7 Qc8 17. Nxa8 Bxa8 18. Nxe5 Nxe5 19. Qxe5 Qb7 20. Bd5 Qb8 21. Qxe7 Bxd5 22.
Bxb8 Rxb8  1-0

[Event "1. OEsterreichische Internet Schach Meisterschaft - Vorrunde 2"]
[Site "Online - Playchess.com"]
[Date ""]
[Round "8"]
[Board "70"]
[White "Miazhynski, Michael"]
[Black "Griessnig, Thomas"]
[Result "1-0"]
[WhiteElo "1827"]
[BlackElo "1895"]
[PlyCount "57"]
[EventDate "2020.04.13"]
[EventRounds "9"]
[EventCountry "AUT"]

1. e4 e6 2. d4 d5 3. exd5 exd5 4. c4 Nc6 5. Nc3 Bb4 6. a3 Bxc3+ 7. bxc3 Nge7 8. Nf3
Bg4 9. h3 Bh5 10. Be2 O-O 11. O-O dxc4 12. Bxc4 Nd5 13. Bd2 Na5 14. Be2 Nc6 15. Rb1
b6 16. c4 Nf6 17. d5 Ne7 18. Ne5 Bxe2 19. Qxe2 Nf5 20. Bc3 Re8 21. Qf3 Nd6 22. Rfe1
Nd7 23. Nc6 Qg5 24. Rxe8+ Rxe8 25. Re1 Rxe1+ 26. Bxe1 Nxc4 27. Qe2 Nd6 28. Bd2 Qxd5
29. Ne7+  1-0

[Event "1. OEsterreichische Internet Schach Meisterschaft - Vorrunde 2"]
[Site "Online - Playchess.com"]
[Date ""]
[Round "8"]
[Board "71"]
[White "Wimmer, Michael"]
[Black "Erlacher, Herbert"]
[Result "1-0"]
[WhiteElo "1559"]
[BlackElo "1842"]
[PlyCount "65"]
[EventDate "2020.04.13"]
[EventRounds "9"]
[EventCountry "AUT"]

1. e4 c6 2. d4 d5 3. exd5 cxd5 4. Bd3 Nf6 5. h3 g6 6. Nf3 Bg7 7. O-O O-O 8. c3 Nc6
9. Bf4 e6 10. Nbd2 a6 11. Re1 b5 12. a3 Na5 13. Nb3 Nc4 14. Bxc4 dxc4 15. Nc5 Nd5
16. Be5 Bxe5 17. Nxe5 Qc7 18. Qf3 Bb7 19. Qg4 Rad8 20. h4 Nf6 21. Qg5 Nd5 22. h5
f6 23. Qg4 fxe5 24. hxg6 Rf6 25. gxh7+ Kxh7 26. Nxe6 Rg6 27. Qh5+ Rh6 28. Qf5+ Rg6
29. Nxc7 Nxc7 30. Re3 Bxg2 31. Kh2 Kg7 32. Rg3 Rh8+ 33. Kxg2  1-0

[Event "1. OEsterreichische Internet Schach Meisterschaft - Vorrunde 2"]
[Site "Online - Playchess.com"]
[Date ""]
[Round "8"]
[Board "73"]
[White "Mittelbach, Eduard"]
[Black "Tischler, Michel"]
[Result "1/2-1/2"]
[WhiteElo "1667"]
[BlackElo "1517"]
[PlyCount "42"]
[EventDate "2020.04.13"]
[EventRounds "9"]
[EventCountry "AUT"]

1. e4 e5 2. Nc3 Nc6 3. Bc4 Nf6 4. d3 Bc5 5. Nge2 d6 6. O-O Bg4 7. Be3 Nd4 8. Qd2
Nxe2+ 9. Nxe2 Bb6 10. f3 Be6 11. Bxe6 fxe6 12. Bf2 O-O 13. Qb4 d5 14. f4 exf4 15.
Nxf4 Qd7 16. exd5 Nxd5 17. Nxd5 exd5 18. Rae1 Rf7 19. Bxb6 Rxf1+ 20. Rxf1 axb6 21.
a3 Re8  1/2-1/2

[Event "1. OEsterreichische Internet Schach Meisterschaft - Vorrunde 2"]
[Site "Online - Playchess.com"]
[Date ""]
[Round "8"]
[Board "74"]
[White "Schroettner, Tobias Julian"]
[Black "Thummer, Philipp"]
[Result "1-0"]
[WhiteElo "1503"]
[BlackElo "1207"]
[PlyCount "137"]
[EventDate "2020.04.13"]
[EventRounds "9"]
[EventCountry "AUT"]

1. e4 d6 2. d4 c6 3. c4 g6 4. Nc3 Bg7 5. Be3 Qb6 6. Rb1 c5 7. dxc5 dxc5 8. Nd5 Qd8
9. Bf4 e5 10. Be3 b6 11. Nf3 Ne7 12. Nxe7 Kxe7 13. Qc2 Qc7 14. Be2 Be6 15. O-O Nc6
16. Rfd1 Nd4 17. Qd2 Rhd8 18. Nxd4 exd4 19. Bg5+ f6 20. Bf4 Qc6 21. b4 Rab8 22. Bf3
Rbc8 23. e5 Qd7 24. b5 fxe5 25. Bg5+ Bf6 26. Bc6 Rxc6 27. bxc6 Qxc6 28. Bxf6+ Kxf6
29. Qe2 Qa4 30. Qf3+ Ke7 31. Qb7+ Rd7 32. Qe4 Qxc4 33. Qxe5 Qd5 34. Qg7+ Kd6 35.
Qf8+ Kc6 36. Qc8+ Rc7 37. Qa6 Qxa2 38. Qb5+ Kd6 39. Ra1 Qc4 40. Qe8 Qd5 41. Qb8 Qb7
42. Qf8+ Re7 43. Rac1 a5 44. Qf4+ Kc6 45. Rxd4 Rd7 46. Rxd7 Qxd7 47. Qf3+ Bd5 48.
Qf6+ Qe6 49. Qb2 Qe4 50. f3 Qe3+ 51. Kh1 a4 52. Rb1 c4 53. Qb5+ Kc7 54. Qxd5 c3 55.
Qc4+ Kb7 56. Qxa4 Qd2 57. Qb3 c2 58. Qxb6+ Kc8 59. Qb7+ Kd8 60. Qb6+ Kd7 61. Qb5+
Ke6 62. Qc6+ Kf5 63. Qe4+ Kf6 64. Rb6+ Kg7 65. Qe7+ Kh6 66. Qf8+ Kg5 67. Rb5+ Kh4
68. Qf6+ g5 69. Qh6#  1-0

[Event "1. OEsterreichische Internet Schach Meisterschaft - Vorrunde 2"]
[Site "Online - Playchess.com"]
[Date ""]
[Round "8"]
[Board "75"]
[White "Mayrhuber, Nikola"]
[Black "Kwech, Martin"]
[Result "1-0"]
[WhiteElo "2025"]
[BlackElo "1105"]
[PlyCount "63"]
[EventDate "2020.04.13"]
[EventRounds "9"]
[EventCountry "AUT"]

1. d4 d5 2. Nf3 Nf6 3. c4 c6 4. Qb3 e6 5. g3 Qb6 6. c5 Qxb3 7. axb3 Be7 8. b4 Nbd7
9. Nc3 O-O 10. b5 cxb5 11. Nxb5 b6 12. c6 Bb4+ 13. Bd2 Bxd2+ 14. Nxd2 Nb8 15. Nc7
Nxc6 16. Nxa8 Bb7 17. Nc7 Rc8 18. Nb5 a6 19. Nd6 Rc7 20. Nxb7 Rxb7 21. Rxa6 h6 22.
Nf3 Nb4 23. Ra8+ Kh7 24. e3 Nc2+ 25. Kd2 Rc7 26. Bd3+ Ne4+ 27. Bxe4+ dxe4 28. Ne5
Nb4 29. Rc1 Rxc1 30. Kxc1 Nd3+ 31. Nxd3 exd3 32. Kd2  1-0

[Event "1. OEsterreichische Internet Schach Meisterschaft - Vorrunde 2"]
[Site "Online - Playchess.com"]
[Date ""]
[Round "8"]
[Board "76"]
[White "Wimmer, Norbert"]
[Black "Keim, Philipp"]
[Result "1-0"]
[WhiteElo "1973"]
[BlackElo "1919"]
[PlyCount "105"]
[EventDate "2020.04.13"]
[EventRounds "9"]
[EventCountry "AUT"]

1. d4 c6 2. Nf3 d5 3. g3 Nf6 4. Bg2 Bg4 5. Ne5 Bf5 6. O-O Nbd7 7. Nxd7 Qxd7 8. c4
e6 9. b3 Bd6 10. Bb2 O-O 11. Nd2 Rfe8 12. f3 Bg6 13. Re1 c5 14. e4 dxe4 15. fxe4
Bh5 16. Bf3 Bxf3 17. Qxf3 e5 18. d5 a5 19. Rf1 Ra6 20. Qf5 Qxf5 21. Rxf5 Ng4 22.
h3 Ne3 23. Rf2 Nc2 24. Raf1 f6 25. Nb1 Nd4 26. Nc3 Bf8 27. Nb5 Rc8 28. Ba3 a4 29.
Bb2 axb3 30. Bxd4 cxd4 31. axb3 Bc5 32. Rd2 Rca8 33. Kg2 Ra2 34. Rfd1 Rxd2+ 35. Rxd2
Ra1 36. Kf3 Rf1+ 37. Kg4 g6 38. d6 h5+ 39. Kh4 Ra1 40. g4 Ra8 41. gxh5 g5+ 42. Kg4
Kf7 43. Kf5 Ra6 44. h6 Bxd6 45. Nxd6+ Rxd6 46. c5 Rd8 47. b4 Rh8 48. Ra2 Rxh6 49.
Ra7 Rxh3 50. Rxb7+ Ke8 51. Kxf6 Rg3 52. Ke6 g4 53. Rb8#  1-0

[Event "1. OEsterreichische Internet Schach Meisterschaft - Vorrunde 2"]
[Site "Online - Playchess.com"]
[Date ""]
[Round "8"]
[Board "77"]
[White "Redhammer, Markus"]
[Black "Steininger, Barbara"]
[Result "0-1"]
[WhiteElo "1899"]
[BlackElo "1622"]
[PlyCount "59"]
[EventDate "2020.04.13"]
[EventRounds "9"]
[EventCountry "AUT"]

1. e4 c5 2. d4 cxd4 3. c3 dxc3 4. Nxc3 Nc6 5. Nf3 e6 6. e5 d6 7. Bb5 d5 8. O-O Bd7
9. Bg5 Nge7 10. Rc1 a6 11. Ba4 Rc8 12. Ne2 b5 13. Bb3 Na5 14. Ned4 Nac6 15. Qe2 Qb6
16. Nxc6 Rxc6 17. Rxc6 Nxc6 18. Rc1 Bc5 19. Bh4 O-O 20. Bg3 Rc8 21. Bc2 Nd4 22. Nxd4
Bxd4 23. Qd3 g6 24. b3 Rc3 25. Qd2 Qc6 26. h3 Bc5 27. Bb1 Rxc1+ 28. Qxc1 Bxf2+ 29.
Bxf2 Qxc1+ 30. Kh2  0-1

[Event "1. OEsterreichische Internet Schach Meisterschaft - Vorrunde 2"]
[Site "Online - Playchess.com"]
[Date ""]
[Round "8"]
[Board "78"]
[White "Maderner, Arnulf"]
[Black "Neubauer, Anton"]
[Result "1/2-1/2"]
[WhiteElo "1687"]
[BlackElo "1879"]
[PlyCount "66"]
[EventDate "2020.04.13"]
[EventRounds "9"]
[EventCountry "AUT"]

1. e4 e6 2. d4 d5 3. Nc3 Nf6 4. exd5 Nxd5 5. Qd3 Bb4 6. Bd2 O-O 7. a3 Ba5 8. Nf3
Nc6 9. O-O-O Nxc3 10. Bxc3 Bxc3 11. Qxc3 Bd7 12. d5 exd5 13. Rxd5 Qc8 14. Bb5 Be6
15. Rd3 Ne7 16. Rhd1 c6 17. Ba4 b5 18. Bb3 Nd5 19. Bxd5 Bxd5 20. Ne5 Qe6 21. f3 b4
22. axb4 Rab8 23. Ng4 Qe7 24. Rd4 Rfc8 25. Qc5 Qg5+ 26. Kb1 h5 27. Nf2 a5 28. Qxa5
Ra8 29. Qc5 Ba2+ 30. Ka1 Bb3+ 31. Kb1 Ba2+ 32. Ka1 Bb3+ 33. Kb1 Ba2+  1/2-1/2

[Event "1. OEsterreichische Internet Schach Meisterschaft - Vorrunde 2"]
[Site "Online - Playchess.com"]
[Date ""]
[Round "8"]
[Board "80"]
[White "Haemmerle, Dietmar"]
[Black "Andreatta, Ralph"]
[Result "1-0"]
[WhiteElo "1762"]
[BlackElo "1623"]
[PlyCount "103"]
[EventDate "2020.04.13"]
[EventRounds "9"]
[EventCountry "AUT"]

1. e4 c5 2. Nf3 d6 3. Bc4 e6 4. O-O Nf6 5. d3 a6 6. a3 b5 7. Ba2 Bb7 8. Bg5 Be7 9.
Nbd2 O-O 10. h3 Nc6 11. c3 h6 12. Bh4 Nd7 13. Bxe7 Qxe7 14. Nh2 Nde5 15. Qe2 Rad8
16. f4 Nd7 17. Nhf3 Kh8 18. Rae1 Nf6 19. e5 dxe5 20. fxe5 Nd5 21. Bxd5 Rxd5 22. Ne4
Rfd8 23. Nd6 Qf8 24. Nxb7 R8d7 25. Nd6 Ne7 26. d4 cxd4 27. cxd4 Nf5 28. Qf2 Nxd6
29. exd6 R5xd6 30. Ne5 Rc7 31. Nxf7+ Kh7 32. Nxd6 Qxf2+ 33. Rxf2 Rd7 34. Ne4 Rxd4
35. Nc5 Rc4 36. Nxa6 Rc6 37. Nb4 Rd6 38. Rfe2 h5 39. Rxe6 Rd2 40. R1e2 Rd4 41. R6e5
g6 42. Rxb5 Rd1+ 43. Kh2 Rd4 44. Rb7+ Kh6 45. Nc6 Rd6 46. Ne5 Rd5 47. Nf7+ Kg7 48.
Ng5+ Kf6 49. h4 Rd4 50. g3 Kf5 51. Kh3 Rd3 52. Rf7#  1-0

[Event "1. OEsterreichische Internet Schach Meisterschaft - Vorrunde 2"]
[Site "Online - Playchess.com"]
[Date ""]
[Round "8"]
[Board "81"]
[White "Stolzlechner, Andreas"]
[Black "Ticar, Clemens"]
[Result "1-0"]
[WhiteElo "1835"]
[BlackElo "1753"]
[PlyCount "105"]
[EventDate "2020.04.13"]
[EventRounds "9"]
[EventCountry "AUT"]

1. e4 d6 2. d4 Nf6 3. Nc3 e5 4. dxe5 dxe5 5. Qxd8+ Kxd8 6. Nf3 Bd6 7. Bg5 h6 8. Bh4
g5 9. Bg3 Nc6 10. O-O-O Ke7 11. Nd5+ Nxd5 12. exd5 g4 13. Nh4 Nd4 14. Bd3 Rd8 15.
c3 e4 16. Bxe4 Bxg3 17. hxg3 Ne2+ 18. Kd2 Nxg3 19. fxg3 Kf8 20. c4 c6 21. Kc3 cxd5
22. Bxd5 Bd7 23. Rhf1 Be8 24. Rf6 Kg7 25. Rdf1 Rd7 26. R6f4 Rc8 27. Rxg4+ Kh7 28.
Rd4 b5 29. b3 bxc4 30. Bxc4 Rdc7 31. Nf5 Rc6 32. Nd6 Rd8 33. Nxe8 Rxe8 34. Rxf7+
Kg6 35. Rg4+ Kh5 36. Rh4+ Kg6 37. Rf3 Re1 38. a4 Rc1+ 39. Kb4 Re1 40. Rhf4 Rb6+ 41.
Kc5 Re5+ 42. Kd4 Re7 43. Re4 Rd7+ 44. Kc3 Rd1 45. Rfe3 Rc1+ 46. Kb2 Rg1 47. Re6+
Kf7 48. Rxb6+ Kf8 49. Rxh6 Rxg2+ 50. Ka3 Rd2 51. Rd3 Rf2 52. Rd7 Ke8 53. Rxa7  1-0

[Event "1. OEsterreichische Internet Schach Meisterschaft - Vorrunde 2"]
[Site "Online - Playchess.com"]
[Date ""]
[Round "8"]
[Board "82"]
[White "Kranz, Armin"]
[Black "Kainz, Josef"]
[Result "1-0"]
[WhiteElo "2119"]
[BlackElo "2005"]
[PlyCount "107"]
[EventDate "2020.04.13"]
[EventRounds "9"]
[EventCountry "AUT"]

1. d4 Nf6 2. Nf3 g6 3. c4 Bg7 4. g3 d5 5. cxd5 Nxd5 6. Bg2 O-O 7. O-O Bf5 8. Nc3
Nxc3 9. bxc3 c5 10. Re1 Na6 11. e4 Bg4 12. Be3 Rc8 13. Qd2 cxd4 14. cxd4 h5 15. h3
Bd7 16. Rab1 b6 17. Bf1 Nc7 18. Ne5 Be8 19. h4 Ne6 20. Bh3 Qd6 21. Nf3 Bd7 22. Bf1
Rfd8 23. Ba6 Rc7 24. Rec1 Bc8 25. Bc4 Bb7 26. Bxe6 fxe6 27. Rxc7 Qxc7 28. Rc1 Qd7
29. Qd3 e5 30. d5 Rc8 31. Ng5 Rxc1+ 32. Bxc1 Qa4 33. Ba3 Ba6 34. Qc3 Qd1+ 35. Kh2
Qf1 36. Qe3 Bh6 37. Bxe7 Kg7 38. d6 Bxg5 39. Bxg5 Bc8 40. Be7 Bh3 41. Qf3 Bg4 42.
Qg2 Qxg2+ 43. Kxg2 Kf7 44. f3 Bd7 45. Kf2 Ke6 46. Ke3 b5 47. f4 a5 48. Kd3 b4 49.
Kc4 Bc6 50. Kb3 Bxe4 51. fxe5 Bc6 52. Bf6 Kd7 53. a3 bxa3 54. Kxa3  1-0

[Event "1. OEsterreichische Internet Schach Meisterschaft - Vorrunde 2"]
[Site "Online - Playchess.com"]
[Date ""]
[Round "8"]
[Board "83"]
[White "Dilly, Julian"]
[Black "Fugger, Christian"]
[Result "0-1"]
[WhiteElo "1502"]
[BlackElo "1818"]
[PlyCount "96"]
[EventDate "2020.04.13"]
[EventRounds "9"]
[EventCountry "AUT"]

1. Nf3 d5 2. d3 c5 3. Nbd2 Nc6 4. c4 Nf6 5. g3 Bg4 6. Bg2 e6 7. O-O Be7 8. h3 Bh5
9. g4 Bg6 10. Nh2 e5 11. Qb3 Qd7 12. cxd5 Nd4 13. Qd1 Nxd5 14. Ndf3 Bd6 15. Nxd4
exd4 16. e4 dxe3 17. fxe3 Bxh2+ 18. Kxh2 Qd6+ 19. Kg1 O-O 20. e4 Nb4 21. Bd2 Nxd3
22. Qc2 Qd4+ 23. Kh1 Nf2+ 24. Kh2 Bxe4 25. Bxe4 Nxe4 26. Bc3 Qd6+ 27. Kg1 Qg3+ 28.
Qg2 Qxg2+ 29. Kxg2 Nxc3 30. bxc3 Rfe8 31. Rae1 Kf8 32. Kf2 Rad8 33. Re2 Rxe2+ 34.
Kxe2 c4 35. Rd1 Rxd1 36. Kxd1 Ke7 37. Kc2 Kd6 38. Kd2 Kd5 39. Ke3 g6 40. a4 f5 41.
gxf5 gxf5 42. Kf4 Ke6 43. h4 h5 44. a5 b6 45. a6 Kf6 46. Ke3 Ke5 47. Kf3 f4 48. Ke2
Ke4  0-1